000 01072cam a22002894a 4500
001 13684879
003 OSt
005 20150408114021.0
008 040811s2004 gw bf 001 0 eng
010 _a 2004556517
020 _a313126991X (GTV : pbk.)
020 _a1588900630 (TNY : pbk.)
040 _aDLC
_cDLC
_dDLC
042 _apcc
050 0 0 _aRM666.H33
_bK73 2004
082 0 0 _a615.321
_222
100 1 _aKraft, K.
_q(Karin)
_911404
245 1 0 _aPocket guide to herbal medicine /
_cKarin Kraft, Christopher Hobbs ; foreword by Jonathan Treasure.
260 _aStuttgart ;
_aNew York :
_bThieme,
_cc2004.
300 _axi, 491 p. ;
_c18 cm.
504 _aIncludes bibliographical references (p. 477) and index.
650 0 _aHerbs
_xTherapeutic use
_vHandbooks, manuals, etc.
_911405
700 1 _aHobbs, Christopher.
_911406
856 4 2 _3Book review (E-STREAMS)
_uhttp://www.e-streams.com/es0808/es0808_4271.html
942 _2ddc
_cBOOK
999 _c22041
_d256541